000 01424nam a2200385 i 4500
001 193387
003 ES-MaACL
005 20240902063040.0
007 ta
008 231113b sp ||||| |||| 00| 0 spa d
020 _a9781940856339
040 _bspa
_cES-MaACL
080 _a821.134.2-32"19"
100 1 _aPalomera Güez, Federico,
_d1951-
_eaut
_9234553
245 1 3 _aEl cuaderno del pendolista /
_cFederico Palomera Güez ; [prólogo, Álvaro Hernando]
250 _aFirst edition
260 _aChicago :
_bPandora Lobo Estepario Productions,
_c2017
300 _a108 páginas ;
_c23 cm
336 _2rdacontent
_aTexto
337 _2rdamedia
_asin mediación
338 _2rdacarrier
_avolumen
500 _aEn cub.: Cuento
500 _aÍndice
520 _aUn libro de cuentos de Federico Palomera Güez.
655 7 _9226829
_aCuentos
700 _aHernando Freile, Álvaro
_eaui
_9234554
852 _aES-MaACL
_bR. 154750
_cDEPOJ
_jN-9543
_9200833
_gDedicatoria autógrafa del autor
_hDonación: Federico Palomera Güez
_xUn libro de cuentos de Federico Palomera Güez.
903 _aPalomera Güez, Federico,
_d1951-
_ednr
_9234553
942 _n0
_cMONOGRAFIA
999 _c193387
_d193387